Sports Quiz

Random Sports or Soccer Quiz

English Football Club Logos Quiz Stats

 Plays Quiz Updated May 17, 2018

Challenge
Share
Tweet
Score 0/30 Timer 03:00
48 Plays Today
Number Club % Correct
1.Manchester City
92.2%
7.Chelsea
91.9%
12.Manchester United
89.6%
18.Liverpool
85.5%
6.Wolverhampton Wanderers
85.3%
14.West Ham United
85.2%
9.Sunderland
81.5%
25.Tottenham Hotspur
75.9%
21.Norwich City
75.5%
24.Aston Villa
75.1%
4.Nottingham Forest
74.4%
3.Portsmouth
73.1%
16.Leeds United
72.6%
26.Newcastle United
72.4%
27.Derby County
64.4%
Number Club % Correct
30.Leicester City
63.7%
17.Wigan Athletic
62.1%
8.Oxford United
50.6%
28.Sheffield United
47.1%
2.Yeovil Town
44.4%
13.Coventry City
40.5%
10.Doncaster Rovers
40.4%
19.AFC Wimbledon
39%
5.Southend United
37%
20.Walsall
34.2%
11.Northampton Town
34%
29.Rotherham United
28.8%
15.Cheltenham Town
21.5%
22.Exeter City
19.7%
23.Crawley Town
18.2%

You're not logged in!

Compare scores with friends on all Sporcle quizzes.
OR
Log In

You Might Also Like...

Show Comments

Extras

Top Quizzes Today


Score Distribution

Your Account Isn't Verified!

In order to create a playlist on Sporcle, you need to verify the email address you used during registration. Go to your Sporcle Settings to finish the process.

Report this User

Report this user for behavior that violates our Community Guidelines.

Details: